| 000 | 01517cam a2200409 i 4500 | ||
|---|---|---|---|
| 001 | 119986 | ||
| 005 | 20230410121110.0 | ||
| 008 | 121123s2012 be 000 0dfre | ||
| 035 | _a17564997 | ||
| 925 | 0 |
_aacquire _b1 shelf copy _xpolicy default |
|
| 942 |
_2lcc _cbk |
||
| 010 | _a 2013367038 | ||
| 020 | _a9782874951978 (pbk.) | ||
| 020 | _a2874951978 (pbk.) | ||
| 040 |
_aDLC _beng _cDLC _erda |
||
| 042 | _apcc | ||
| 043 |
_ae------ _ae-fr--- _ae-be--- |
||
| 050 | 1 | 4 |
_aJN 30 _bC678d 2012 |
| 082 | 0 | 0 | _a320.94 |
| 100 | 1 | _aCohn-Bendit, Daniel. | |
| 245 | 1 | 0 |
_aDebout l'Europe! : _bmanifeste pour une révolution postnationale en Europe ; Suivi d'un entretien avec Jean Quatremer / _cDaniel Cohn-Bendit, Guy Verhofstadt. |
| 260 |
_aBruxelles, Belgique : _bAndré Versaille éditeur ; _a[Arles] : _bActes Sud, _c[2012] |
||
| 300 |
_a157 p. ; _c18 cm |
||
| 600 | 1 | 0 |
_aCohn-Bendit, Daniel _vInterviews. |
| 600 | 1 | 0 |
_aVerhofstadt, Guy, _d1953- _vInterviews. |
| 650 | 0 |
_aFederal government _zEuropean Union countries. |
|
| 650 | 0 |
_aPoliticians _zFrance _vInterviews. |
|
| 650 | 0 |
_aPoliticians _zBelgium _vInterviews. |
|
| 651 | 0 |
_aEuropean Union countries _xPolitics and government _y21st century. |
|
| 651 | 4 |
_aPaíses de la Unión Europea _xPolítica y gobierno |
|
| 650 | 4 |
_aGobierno federal _zEuropa. |
|
| 651 | 4 |
_aUnión Europea _xPolítica y gobierno. |
|
| 700 | 1 |
_aVerhofstadt, Guy, _d1953- |
|
| 700 | 1 |
_aQuatremer, Jean, _einterviewer. |
|
| 923 |
_d20121114 _n20032085 _sV00009436 |
||
| 946 | _aJaaM | ||
| 999 |
_c57917 _d57917 |
||